| 000 | 01623nam0a2200325 4500 | ||
|---|---|---|---|
| 001 | RU\NLR\bibl\426689 | ||
| 005 | 20260405184554.0 | ||
| 010 |
_a5-8122-0570-1 _91000 |
||
| 021 |
_aRU _b2003-39925 _91897 |
||
| 035 | _a(NLR Aleph) 000420572 | ||
| 090 |
_a692329 _c692329 |
||
| 100 | _a20030807d2003 |||y0rusy50 ca | ||
| 101 | 0 | _arus | |
| 102 | _aRU | ||
| 105 | _ay ||||||||| | ||
| 200 | 1 |
_aЭкономическая безопасность региона в контексте национальной экономической безопасности Российской Федерации _f[Фирюлина Н.В., кандидаты экон. наук Смирнов А.И., Ямщиков А.С. и др.] _gПод ред. к.т.н., доц. Н.В. Фирюлиной |
|
| 210 |
_aМ. _cМГУП _d2003 |
||
| 215 |
_a470, [1] с. _d20 |
||
| 320 | _aБиблиогр. в подстроч. прим. | ||
| 606 | 1 |
_aЭкономическая безопасность _yРоссийская Федерация _92085187 _3RU\NLR\AUTH\661261300 |
|
| 686 | 1 | _aУ9(2)-971(2Р) | |
| 701 | 1 |
_aФирюлина _bН. В. _gНаталья Вячеславовна _4070 |
|
| 701 | 1 |
_4070 _8rus _7ca _aСмирнов _bА. И. _cканд. экон. наук, цифровая безопасность _gАлексей Игоревич _3RU\NLR\AUTH\7781022 _963950 |
|
| 701 | 1 |
_4070 _7ca _8rus _aЯмщиков _bА. С. _f1973- _gАндрей Сергеевич _92647870 _3RU\NLR\AUTH\770275903 |
|
| 801 | 0 |
_aRU _bNLR _c20030807 _gPSBO |
|
| 801 | 1 |
_aRU _bNLR _c20030807 |
|
| 942 | _cBOOK | ||
| 980 | _aNB | ||